Подробности
| 000 -МАРКЕР |
| контрольное поле |
01262nam0a2200313 4500 |
| 001 - ИДЕНТИФИКАТОР ЗАПИСИ |
| контрольное поле |
RU\NLR\BIBL_A\010821794 |
| 005 - ИДЕНТИФИКАТОР ВЕРСИИ |
| контрольное поле |
20250614102845.0 |
| 021 ## - НОМЕР ГОСУДАРСТВЕННОЙ РЕГИСТРАЦИИ |
| Код страны |
российская федерация |
| Номер |
2015-47852 |
| Номер Листа государственной регистраци |
2847 |
| 035 ## - ДРУГИЕ СИСТЕМНЫЕ НОМЕРА |
| Идентификатор записи |
(NLR Aleph) 010821794 |
| 100 ## - ДАННЫЕ ОБЩЕЙ ОБРАБОТКИ |
| Данные общей обработки |
20150819d2015 |||y0rusy50 ca |
| 101 0# - ЯЗЫК РЕСУРСА |
| Язык текста, звукозаписи и т.д. |
английский |
| Язык резюме |
русский |
| 102 ## - СТРАНА ПУБЛИКАЦИИ ИЛИ ПРОИЗВОДСТВА |
| Страна публикации |
российская федерация |
| 105 ## - ПОЛЕ КОДИРОВАННЫХ ДАННЫХ: ТЕКСТОВЫЕ МАТЕРИАЛЫ, МОНОГРАФИЧЕСКИЕ |
| Кодированные данные о монографическом текстовом документе |
y z 000yy |
| 200 1# - ЗАГЛАВИЕ И СВЕДЕНИЯ ОБ ОТВЕТСТВЕННОСТИ |
| Основное заглавие |
Asymptotics of Lp-norms of Laguerre polynomials and entropic moments of D-dimensional oscillator |
| Первые сведения об ответственности |
A.I. Aptekarev, D.N. Tulyakov |
| 210 ## - ПУБЛИКАЦИЯ, РАСПРОСТРАНЕНИЕ И ДР. |
| Место издания, распространения и т.д. |
Москва |
| Имя издателя, распространителя и т. д. |
ИПМ РАН |
| Дата издания, распространения и т.д. |
2015 |
| 215 ## - ФИЗИЧЕСКАЯ ХАРАКТЕРИСТИКА |
| Специфическое обозначение материала и объем |
15 c |
| Размеры |
20 |
| 225 1# - СЕРИЯ |
| Основное заглавие серии |
Препринты ИПМ им. М.В. Келдыша |
| Параллельное заглавие серии |
Keldysh Institute preprints |
| ISSN серии |
2071-2898 |
| 225 1# - СЕРИЯ |
| Основное заглавие серии |
Препринт |
| Сведения об ответственности |
Ин-т прикладной математики им. М.В. Келдыша Рос. акад. наук |
| Обозначение тома |
№ 41 за 2015 г |
| 300 ## - ОБЩИЕ ПРИМЕЧАНИЯ |
| Текст примечания |
Рез. на рус. яз |
| 320 ## - ПРИМЕЧАНИЯ О НАЛИЧИИ В ДОКУМЕНТЕ БИБЛИОГРАФИИ / УКАЗАТЕЛЯ |
| Текст примечания |
Библиогр.: с. 15 (14 назв.) |
| 606 ## - НАИМЕНОВАНИЕ ТЕМЫ КАК ПРЕДМЕТ |
| Наименование темы |
Полиномы Лагерра |
| Системный номер авторитетной/нормативной записи |
1247209 |
| Идентификатор авторитетной/нормативной записи |
RU\NLR\AUTH\66510115 |
| 686 1# - ИНДЕКСЫ ДРУГИХ КЛАССИФИКАЦИЙ |
| Индекс |
В161.637.4 |
| 700 #1 - ИМЯ ЛИЦА - ПЕРВИЧНАЯ ОТВЕТСТВЕННОСТЬ |
| Начальный элемент ввода |
Aptekarev |
| Часть имени, кроме начального элемента ввода |
A.I. |
| Расширение инициалов личного имени |
Aleksandr Ivanovič |
| 701 #1 - ИМЯ ЛИЦА - АЛЬТЕРНАТИВНАЯ ОТВЕТСТВЕННОСТЬ |
| Начальный элемент ввода |
Tuljakov |
| Часть имени, кроме начального элемента ввода |
D.N. |
| Расширение инициалов личного имени |
Dmitrij Nikolaevič |
| 942 ## - ДОПОЛНИТЕЛЬНЫЕ ЭЛЕМЕНТЫ ЗАПИСИ (АБИС) |
| Тип экземпляра АБИС |
Книга |
| 980 ## - КОЛЛЕКЦИЯ |
| Название коллекции |
Национальная библиография |